000 00522nam a2200181Ia 4500
001 11918
005 20260306162903.0
008 260306t2019||||xx |||||||||||||| ||spa||
041 _aESP
082 _aHR 302.2
_bJUN 2019 CONTRATEXTO
110 _aUniversidad de Lima. Facultad de Comunicación
245 0 _aContratexto 31 :
_brevista de la Facultad de Comunicación de la Universidad de Lima
260 _c2019
300 _a308 páginas :
_c24 cm.
650 _aGEN
654 _aCED
942 _cREV
_dJUS
_fJUS
_2ddc
_n
999 _c11918
_d11918